000 00532nam a2200169Ia 4500
003 IN-BaIIA
008 211028s9999 xx 000 0 eng d
040 _cIIA Library
080 _a551.7
_bOLD
100 _aOldham, Thomas
_9165
245 0 _aOn the geological structure of part of the Khasi Hills with observations on the meteorology and enthnology of That district
_cThomas Oldham
260 _aCalcutta
_bMittal Publications
_c1854
300 _alxxii, 77p.
650 _aGeography
_9166
650 _aKhasi Hills
_9167
942 _cBK
999 _c99
_d99